Evaluación del confort, turismo y sustentabilidad (Registro nro. 9181)
[ vista simple ]
| 000 -CABECERA | |
|---|---|
| campo de control de longitud fija | 00743nam a22002777a 4500 |
| 005 - FECHA Y HORA DE ACTUALIZACIÓN | |
| campo de control | 20170810145511.0 |
| 008 - LONGITUD FIJA | |
| campo de control de longitud fija | 170330b xxu||||| |||| 00| 0 spa d |
| 020 ## - INTERNATIONAL STANDARD BOOK NUMBER | |
| Número Internacional Estándar del Libro | 9786071724748 |
| 041 ## - IDIOMA | |
| Código de idioma del texto/pista de sonido o título separado | |
| 082 ## - CLASIFICACIÓN DECIMAL DEWEY | |
| Número de clasificación | 1.2.1 S586e |
| 100 ## - AUTOR PERSONAL | |
| Nombre de persona | Silva Contreras, Víctor |
| 245 ## - TÍTULO PROPIAMENTE DICHO | |
| Título | Evaluación del confort, turismo y sustentabilidad |
| 260 ## - PIE DE IMPRENTA | |
| Lugar de publicación, distribución, etc. | México |
| 260 ## - PIE DE IMPRENTA | |
| Nombre del editor, distribuidor, etc. | Trillas |
| 260 ## - PIE DE IMPRENTA | |
| Fecha de publicación, distribución, etc. | 2015 |
| 300 ## - DESCRIPCIÓN FÍSICA | |
| Extensión | 189 páginas |
| 650 ## - Materia General | |
| Materia general | ADMINISTRACIÓN HOTELERA |
| 650 ## - Materia General | |
| Materia general | TURISMO |
| 650 ## - Materia General | |
| Materia general | HOTELES |
| 650 ## - Materia General | |
| Materia general | CONFORT |
| 650 ## - Materia General | |
| Materia general | SISTEMAS NATURALES |
| 650 ## - Materia General | |
| Materia general | TERMODINÁMICA |
| 650 ## - Materia General | |
| Materia general | SUSTENTABILIDAD |
| 650 ## - Materia General | |
| Materia general | TOMA DE DECISIONES |
| 942 ## - Punto de Acceso Adicional Koha | |
| Tipo de ítem Koha | Libro |
| Estado perdido | Estado dañado | No para préstamo | Biblioteca permanente | Biblioteca actual | Signatura completa | Código de barras | Precio efectivo a partir del | Tipo de ítem |
|---|---|---|---|---|---|---|---|---|
| Departamento de Biblioteca y Documentación Alfonso Chase Brenes | Departamento de Biblioteca y Documentación Alfonso Chase Brenes | 1.2.1 S586e | 22014 | 30/03/2017 | Libro | |||
| Departamento de Biblioteca y Documentación Alfonso Chase Brenes | Departamento de Biblioteca y Documentación Alfonso Chase Brenes | 1.2.1 S586e | 22015 | 30/03/2017 | Libro | |||
| Departamento de Biblioteca y Documentación Alfonso Chase Brenes | Departamento de Biblioteca y Documentación Alfonso Chase Brenes | 1.2.1 S586e | 22550 | 10/08/2017 | Libro |